[Event "World Open"]
[Site "Arlington, VA"]
[Date "2013.07.04"]
[Round "2.22"]
[White "Amanov, Mesgen"]
[Black "Mena, Carlos"]
[Result "1-0"]
[WhiteElo "2484"]
[BlackElo "2252"]
[PlyCount "139"]
[EventDate "2013.07.??"]
[EventType "swiss"]
[EventRounds "9"]
[EventCountry "USA"]

1. d4 Nf6 2. c4 g6 3. Nf3 Bg7 4. g3 O-O 5. Bg2 d6 6. O-O Nc6 7. Nc3 a6 8. e4
Rb8 9. h3 Nd7 10. Be3 Na5 11. b3 c5 12. Rc1 b6 13. Qd2 Re8 14. Rfd1 Bb7 15. Bh6
Bh8 16. d5 b5 17. cxb5 axb5 18. Nxb5 Ba6 19. Na3 Qb6 20. Qe1 Bb2 21. Nc2 Bxc1
22. Rxc1 f6 23. h4 Bc8 24. Bd2 Nb7 25. h5 Nd8 26. Ne3 Nf7 27. Nc4 Qa7 28. Rc2
Nf8 29. hxg6 hxg6 30. Bf1 Bd7 31. Na5 Kg7 32. a4 Ra8 33. Nc4 Nh7 34. Bc3 Rab8
35. Nfd2 e6 36. Ne3 e5 37. Nec4 Nhg5 38. Qe3 Nh3+ 39. Kg2 Rh8 40. f4 Rbe8 41.
Nf3 Bg4 42. Nh2 Bc8 43. a5 Rh7 44. Nb6 Ba6 45. Bxa6 Qxa6 46. Ng4 Nh6 47. Nxf6
Kxf6 48. fxe5+ dxe5 49. Qf3+ Kg7 50. Kxh3 Nf7+ 51. Kg4 Rf8 52. Qe2 Nh6+ 53. Kh3
Nf5+ 54. Kg4 Nh6+ 55. Kh3 Nf7+ 56. Kg2 Qb7 57. Qg4 Rfh8 58. Kf3 Qa6 59. Ke3 Rh2
60. Rxh2 Rxh2 61. Nc4 Qf6 62. Qf3 Qg5+ 63. Kd3 Qc1 64. Nd2 Ng5 65. Qe3 Nh3 66.
Kc4 Nf2 67. Kb5 Nd1 68. Bxe5+ Kh7 69. Qg5 Nc3+ 70. Kc6 1-0

[Event "World Open"]
[Site "Arlington, VA"]
[Date "2013.07.04"]
[Round "2.24"]
[White "Fikiet, Alex"]
[Black "Corrales, Jimenez"]
[Result "1-0"]
[WhiteElo "2238"]
[BlackElo "2597"]
[PlyCount "209"]
[EventDate "2013.07.??"]
[EventType "swiss"]
[EventRounds "9"]
[EventCountry "USA"]

1. d4 Nf6 2. c4 e6 3. Nf3 c5 4. d5 exd5 5. cxd5 g6 6. Nc3 Bg7 7. Bf4 d6 8. Qa4+
Bd7 9. Qb3 Qc7 10. h3 O-O 11. e3 a6 12. a4 Bf5 13. Nd2 Re8 14. Be2 Bf8 15. O-O
Bc8 16. Nc4 Nbd7 17. Rfd1 Rb8 18. Bf3 b6 19. g4 h6 20. Bg2 Rb7 21. Bg3 Nb8 22.
e4 b5 23. axb5 axb5 24. Nxb5 Qd7 25. Ra5 Nxe4 26. Bxe4 Rxe4 27. Qc2 Rxb5 28.
Qxe4 Rb4 29. Qc2 Na6 30. b3 Bb7 31. Rd3 Nc7 32. Qd2 Nb5 33. Bf4 Kh7 34. Be3 Bg7
35. Ra4 Rxa4 36. bxa4 Nd4 37. Bxd4 cxd4 38. Nb6 Qd8 39. Qb4 Qc7 40. Rxd4 Qc1+
41. Kg2 Ba6 42. Rc4 Bxc4 43. Qxc4 Qd2 44. Qe4 Bd4 45. Qf3 Kg7 46. Nc4 Qb4 47.
Qd3 Qc5 48. Ne3 Kg8 49. Qe4 Qc3 50. Qc2 Qa5 51. Qc4 Qd2 52. Kf3 Bc5 53. h4 Qe1
54. Qf4 Qh1+ 55. Kg3 Qg1+ 56. Kf3 Qh1+ 57. Kg3 Kg7 58. h5 Qg1+ 59. Kf3 Qh1+ 60.
Kg3 Qg1+ 61. Ng2 g5 62. Qf3 Bd4 63. Qe2 Be5+ 64. Kf3 Qh1 65. Qe4 Qd1+ 66. Ke3
Bb2 67. f4 Qxg4 68. fxg5 Bc1+ 69. Kd3 Qd1+ 70. Kc3 Bxg5 71. Kb4 Qc1 72. Nh4
Qb2+ 73. Kc4 Qa2+ 74. Kb5 Qb3+ 75. Kc6 Qc3+ 76. Kd7 Qh3+ 77. Nf5+ Kf6 78. Kxd6
Qh2+ 79. Kc6 Qb8 80. Nd6 Qa8+ 81. Nb7 Qc8+ 82. Kb6 Qc3 83. Nd6 Kg7 84. Nb5 Qc8
85. Qe5+ Bf6 86. Qg3+ Kf8 87. Qd6+ Kg7 88. Qc6 Bd8+ 89. Ka7 Qg4 90. Nd6 Bg5 91.
Nb7 Qxh5 92. d6 Qg4 93. d7 Qd4+ 94. Kb8 h5 95. a5 h4 96. a6 Bf4+ 97. Kc8 Bg5
98. Qc5 Qg4 99. a7 h3 100. a8=Q h2 101. Qa1+ Bf6 102. Qh1 Qh3 103. Qc2 Qa3 104.
Qhg2+ Kf8 105. Qc5+ 1-0

[Event "World Open"]
[Site "Arlington, VA"]
[Date "2013.07.04"]
[Round "2.25"]
[White "Colas, Joshua"]
[Black "Panchanathan, Magesh"]
[Result "0-1"]
[WhiteElo "2225"]
[BlackElo "2583"]
[PlyCount "94"]
[EventDate "2013.07.??"]
[EventType "swiss"]
[EventRounds "9"]
[EventCountry "USA"]

1. e4 e5 2. Nf3 Nc6 3. Bb5 a6 4. Ba4 Nf6 5. O-O Be7 6. Re1 b5 7. Bb3 d6 8. c3
O-O 9. d3 Na5 10. Bc2 c5 11. Nbd2 Nc6 12. Nf1 Re8 13. h3 h6 14. Ng3 Be6 15. a3
Qc7 16. Qe2 Bf8 17. Be3 d5 18. d4 cxd4 19. cxd4 dxe4 20. Nxe4 Nd5 21. dxe5 Nxe5
22. Nxe5 Nxe3 23. Qxe3 Qxc2 24. Qg3 Kh8 25. b4 Rac8 26. Qf4 Kg8 27. Qg3 Be7 28.
Nd3 Bc4 29. Ndc5 Rcd8 30. Rac1 Qb2 31. Rb1 Qd4 32. Qf3 Qd5 33. Rbd1 Qc6 34. Qf5
a5 35. Rc1 axb4 36. axb4 Rd4 37. Rcd1 Rdd8 38. Ra1 Rd5 39. Qf3 Re5 40. Qc3 Bf8
41. f3 f5 42. Nd3 Qb6+ 43. Nef2 Re2 44. Kh1 Qd6 45. Rxe2 Rxe2 46. Rd1 Qg3 47.
Rg1 Bd6 0-1

[Event "World Open"]
[Site "Arlington, VA"]
[Date "2013.07.04"]
[Round "2.28"]
[White "Williams, Justus"]
[Black "Mitkov, Nikola"]
[Result "1-0"]
[WhiteElo "2199"]
[BlackElo "2508"]
[PlyCount "88"]
[EventDate "2013.07.??"]
[EventType "swiss"]
[EventRounds "9"]
[EventCountry "USA"]

1. d4 d5 2. c4 e6 3. Nf3 Nf6 4. g3 Bb4+ 5. Bd2 Be7 6. Bg2 c6 7. O-O Nbd7 8. Qc2
b6 9. Rd1 Ba6 10. b3 O-O 11. Bf4 Rc8 12. Nc3 Re8 13. e4 dxc4 14. Nd2 b5 15.
bxc4 bxc4 16. Bf1 Nb6 17. a4 c5 18. d5 exd5 19. a5 Nbd7 20. exd5 Nh5 21. Bxc4
Bxc4 22. Nxc4 Nxf4 23. gxf4 Bf8 24. Ne4 Nf6 25. f3 Nh5 26. d6 Ra8 27. d7 Re6
28. f5 Rh6 29. Ne5 Qc7 30. Nxf7 Kxf7 31. Qc4+ Ke7 32. Nxc5 Kd8 33. Ne6+ Rxe6
34. Qxe6 Bc5+ 35. Kh1 Nf6 36. Rac1 Rb8 37. Re1 Qd6 38. Qe8+ Kc7 39. Rxc5+ Qxc5
40. Qxb8+ Kxd7 41. Qb7+ Kd8 42. Qxg7 Qxf5 43. Qe7+ Kc8 44. Rc1+ Kb8 1-0

[Event "World Open"]
[Site "Arlington, VA"]
[Date "2013.07.04"]
[Round "4.1"]
[White "Gerzhoy, Leonid"]
[Black "Ramirez, Alejandro"]
[Result "1/2-1/2"]
[WhiteElo "2469"]
[BlackElo "2583"]
[PlyCount "81"]
[EventDate "2013.07.??"]
[EventType "swiss"]
[EventRounds "9"]
[EventCountry "USA"]
[WhiteClock "0:28:49"]
[BlackClock "0:00:38"]

1. d4 Nf6 2. Nf3 g6 3. Bg5 Bg7 4. Nbd2 c5 5. e3 d5 6. c3 Nbd7 7. Bd3 O-O 8. O-O
Re8 9. b4 b6 10. Bb5 Bb7 11. Ne5 Nxe5 12. Bxe8 Nxe8 13. dxe5 Bxe5 14. bxc5 bxc5
15. Qc2 Qc7 16. Nf3 Bd6 17. Rab1 e5 18. Nd2 e4 19. c4 Bxh2+ 20. Kh1 Be5 21.
cxd5 Bxd5 22. Rfc1 f6 23. Qxc5 Bxa2 24. Qa3 Qf7 25. Rb5 Bd6 26. Qb2 fxg5 27.
Nxe4 Be7 28. Nxg5 Bxg5 29. Rxg5 Bd5 30. f3 a5 31. e4 Bb3 32. Rgc5 Qb7 33. Qe5
Qg7 34. Qg5 a4 35. Rc8 Rxc8 36. Rxc8 Qd7 37. Rd8 Qe6 38. Qb5 Kf8 39. Ra8 Qe7
40. Qb6 Qh4+ 41. Kg1 1/2-1/2

[Event "World Open"]
[Site "Arlington, VA"]
[Date "2013.07.04"]
[Round "4.3"]
[White "Rahman, Md Taibur"]
[Black "Shankland, Sam"]
[Result "0-1"]
[WhiteElo "2301"]
[BlackElo "2601"]
[PlyCount "48"]
[EventDate "2013.07.??"]
[EventType "swiss"]
[EventRounds "9"]
[EventCountry "USA"]
[WhiteClock "0:44:56"]
[BlackClock "0:49:46"]

1. d4 Nf6 2. c4 e6 3. Nf3 d5 4. cxd5 exd5 5. Bg5 h6 6. Bxf6 Qxf6 7. Nc3 c6 8.
e3 Bd6 9. Qc2 O-O 10. Bd3 Bg4 11. Nd2 Re8 12. h3 Rxe3+ 13. Kf1 Bd7 14. Kg1 Re7
15. Nf3 Na6 16. Bxa6 bxa6 17. Na4 Rae8 18. Rc1 Qxd4 19. g3 Qf6 20. Kg2 Re2 21.
Qd3 Bf5 22. Qxa6 Qg6 23. g4 Bxg4 24. Nh4 Bxh3+ 0-1

[Event "World Open"]
[Site "Arlington, VA"]
[Date "2013.07.04"]
[Round "4.4"]
[White "Mandizha, Farai"]
[Black "Holt, Conrad"]
[Result "1/2-1/2"]
[WhiteElo "2390"]
[BlackElo "2531"]
[PlyCount "86"]
[EventDate "2013.07.??"]
[EventType "swiss"]
[EventRounds "9"]
[EventCountry "USA"]
[WhiteClock "0:58:27"]
[BlackClock "0:31:09"]

1. e4 e6 2. d4 d5 3. Nc3 Bb4 4. e5 c5 5. a3 Bxc3+ 6. bxc3 Ne7 7. Qg4 O-O 8. Bd3
Nbc6 9. Qh5 Ng6 10. Nf3 Qc7 11. Be3 c4 12. Bxg6 fxg6 13. Qg4 Qf7 14. Kd2 Qf5
15. Qg3 Bd7 16. Rab1 Na5 17. Nh4 Qf7 18. f4 Qe7 19. Ra1 Rac8 20. Qg5 Qe8 21. g4
Rc6 22. Rhg1 Rb6 23. Rab1 Rxb1 24. Rxb1 h6 25. Qxg6 Qe7 26. Qh5 Be8 27. Ng6
Qxa3 28. f5 Qa2 29. Rxb7 Nxb7 30. Bxh6 exf5 31. gxf5 Qa6 32. Bg5 Bxg6 33. fxg6
Rf2+ 34. Ke3 Rxh2 35. Qxh2 Qxg6 36. Qg2 Qe6 37. Bf6 Qd7 38. Qg6 a5 39. Kd2 Nd8
40. Bxd8 Qxd8 41. e6 Qf6 42. Qe8+ Qf8 43. Qd7 Qf4+ 1/2-1/2

[Event "World Open"]
[Site "Arlington, VA"]
[Date "2013.07.04"]
[Round "4.2"]
[White "Hossain, Enamul"]
[Black "Cornejo, Max"]
[Result "1/2-1/2"]
[WhiteElo "2487"]
[BlackElo "2395"]
[PlyCount "122"]
[EventDate "2013.07.??"]
[EventType "swiss"]
[EventRounds "9"]
[EventCountry "USA"]

1. e4 e5 2. Bc4 Nf6 3. d3 c6 4. Nf3 d5 5. Bb3 Bb4+ 6. c3 Bd6 7. Bg5 dxe4 8.
dxe4 h6 9. Bh4 Qe7 10. Nbd2 Bc7 11. Qe2 Nbd7 12. Bc2 Nf8 13. Bg3 Ng6 14. Nh4
Nf4 15. Bxf4 exf4 16. O-O-O Bg4 17. Nhf3 O-O-O 18. h3 Be6 19. Kb1 Nd7 20. Bb3
Ne5 21. Nxe5 Bxe5 22. Bxe6+ Qxe6 23. Nb3 Qg6 24. f3 f5 25. exf5 Qxf5+ 26. Qc2
Qxc2+ 27. Kxc2 Rde8 28. Rhe1 Bf6 29. Nc5 Bh4 30. Re4 Rxe4 31. Nxe4 Be7 32. Rd4
Rf8 33. Nd2 Rf5 34. Re4 Kd8 35. Nc4 Rg5 36. Re2 Rd5 37. Rd2 Kd7 38. Na5 b6 39.
Nb3 Bf6 40. Nc1 Kd6 41. Nd3 g5 42. c4 Rd4 43. b3 b5 44. cxb5 cxb5 45. Re2 Kd7
46. Nc5+ Kc6 47. Ne4 Bg7 48. Nf2 Kd7 49. Nd3 Rd5 50. h4 a5 51. hxg5 hxg5 52.
Nf2 Rc5+ 53. Kd1 Rd5+ 54. Rd2 Rxd2+ 55. Kxd2 Bf6 56. Ne4 Bd8 57. Kd3 Ke6 58.
Nc3 b4 59. Nb1 Kd5 60. Nd2 Bc7 61. Ne4 Bd8 1/2-1/2

[Event "World Open"]
[Site "Arlington, VA"]
[Date "2013.07.04"]
[Round "4.5"]
[White "Yang, Darwin"]
[Black "Rentala, Nagendra"]
[Result "1-0"]
[WhiteElo "2485"]
[BlackElo "2265"]
[PlyCount "57"]
[EventDate "2013.07.??"]
[EventType "swiss"]
[EventRounds "9"]
[EventCountry "USA"]

1. d4 Nf6 2. c4 e6 3. Nc3 Bb4 4. e3 O-O 5. Nge2 d5 6. a3 Be7 7. cxd5 exd5 8.
Nf4 Be6 9. Bd3 c5 10. O-O Nc6 11. dxc5 Bxc5 12. b4 Bd6 13. Bb2 Rc8 14. Nb5 Bb8
15. Rc1 Qe7 16. Nd4 Ne5 17. Rxc8 Rxc8 18. Qa1 Nxd3 19. Nxd3 Ng4 20. h3 Nh6 21.
Nf4 a6 22. Rd1 Rd8 23. Ndxe6 fxe6 24. Bxg7 Bxf4 25. Bf6 Qd6 26. Bxd8 Bh2+ 27.
Kh1 Be5 28. Be7 Qc7 29. Rc1 1-0

[Event "World Open"]
[Site "Arlington, VA"]
[Date "2013.07.04"]
[Round "4.7"]
[White "Shetty, Atulya"]
[Black "Maldonado, Oscar"]
[Result "1-0"]
[WhiteElo "2320"]
[BlackElo "2194"]
[PlyCount "75"]
[EventDate "2013.07.??"]
[EventType "swiss"]
[EventRounds "9"]
[EventCountry "USA"]

1. c4 Nf6 2. g3 c6 3. Bg2 d5 4. Nf3 g6 5. Qa4 a6 6. O-O b5 7. cxb5 cxb5 8. Qc2
Ra7 9. a4 b4 10. d3 Rc7 11. Qb3 e6 12. Be3 Nbd7 13. Bf4 Rb7 14. Rc1 Nc5 15. Qc2
Bd7 16. b3 a5 17. Nbd2 Na6 18. e4 Be7 19. Qb2 O-O 20. Rc2 Nc5 21. Qd4 dxe4 22.
dxe4 Bc8 23. Qxd8 Rxd8 24. Rac1 Nfd7 25. Nd4 e5 26. Nc6 exf4 27. Nxe7+ Kf8 28.
Nd5 fxg3 29. hxg3 Nd3 30. Rxc8 Nxc1 31. Rxd8+ Kg7 32. Bf1 Ne5 33. Kg2 h5 34.
Nc4 Nc6 35. Rc8 Nd4 36. Nxa5 Ra7 37. Rxc1 Rxa5 38. Bc4 1-0

[Event "World Open"]
[Site "Arlington, VA"]
[Date "2013.07.04"]
[Round "4.8"]
[White "Rosen, Eric"]
[Black "Mercere, Eduardo"]
[Result "1-0"]
[WhiteElo "2289"]
[BlackElo "1796"]
[PlyCount "79"]
[EventDate "2013.07.??"]
[EventType "swiss"]
[EventRounds "9"]
[EventCountry "USA"]

1. c4 e5 2. Nc3 Nc6 3. Nf3 f5 4. d4 e4 5. Ng5 Nf6 6. h4 d5 7. e3 Ne7 8. Bd2 c6
9. b4 h6 10. Nh3 Be6 11. Nf4 Bf7 12. c5 g6 13. Be2 Bg7 14. a4 Qd7 15. b5 O-O
16. a5 Kh7 17. Qa4 a6 18. bxa6 bxa6 19. Rb1 Nc8 20. Qb4 Ra7 21. Na4 Rd8 22. Qc3
Ne7 23. Rb6 Rda8 24. Qb2 Qc7 25. Bc3 Nd7 26. Kd2 Bf6 27. g3 Nf8 28. Ng2 Be6 29.
Rb1 Bc8 30. Rh1 Ne6 31. Nf4 Nd8 32. Kc2 Ng8 33. Qa1 Be7 34. Bd2 Nf6 35. Nc3 Kg7
36. Na2 Kf7 37. Nb4 Bb7 38. Qd1 Nd7 39. Bh5 Nxc5 40. Bxg6+ 1-0

[Event "World Open"]
[Site "Arlington, VA"]
[Date "2013.07.04"]
[Round "3.13"]
[White "Yuniesky, Quesada"]
[Black "Molner, Mackenzie"]
[Result "1/2-1/2"]
[WhiteElo "2639"]
[BlackElo "2501"]
[PlyCount "94"]
[EventDate "2013.07.??"]
[EventType "swiss"]
[EventRounds "9"]
[EventCountry "USA"]

1. e4 e5 2. Nf3 Nc6 3. Bb5 a6 4. Ba4 Nf6 5. O-O Be7 6. Re1 b5 7. Bb3 d6 8. c3
O-O 9. h3 Nb8 10. d4 Nbd7 11. Nbd2 Bb7 12. Bc2 Re8 13. Nf1 Bf8 14. Bg5 h6 15.
Bh4 g6 16. N1h2 Bg7 17. Ng4 exd4 18. cxd4 Qc8 19. Nxf6+ Nxf6 20. Bxf6 Bxf6 21.
e5 Bg7 22. Be4 Bxe4 23. Rxe4 c5 24. dxc5 Qc6 25. Qe2 dxc5 26. Rd1 Re6 27. b4
Qb6 28. bxc5 Qxc5 29. Rd3 Rae8 30. Rde3 a5 31. g3 b4 32. Qc4 Qxc4 33. Rxc4 Rb6
34. Nd4 a4 35. f4 Bf8 36. Kf2 Reb8 37. Re1 b3 38. Rxa4 bxa2 39. Rxa2 Bc5 40.
Rd1 Rb4 41. Rad2 Rd8 42. Ke3 f6 43. exf6 Kf7 44. Rd3 Kxf6 45. Ke4 g5 46. fxg5+
hxg5 47. Rf1+ Kg6 1/2-1/2

[Event "World Open"]
[Site "Arlington, VA"]
[Date "2013.07.04"]
[Round "3.14"]
[White "Kiewra, Keaton"]
[Black "Negi, Parimarjan"]
[Result "0-1"]
[WhiteElo "2422"]
[BlackElo "2634"]
[PlyCount "106"]
[EventDate "2013.07.??"]
[EventType "swiss"]
[EventRounds "9"]
[EventCountry "USA"]

1. e4 e5 2. Nf3 Nc6 3. Bb5 Nf6 4. O-O Nxe4 5. Re1 Nd6 6. Nxe5 Be7 7. Bf1 Nxe5
8. Rxe5 O-O 9. d4 Ne8 10. Re1 d5 11. Bf4 Bd6 12. Bxd6 Nxd6 13. Bd3 Qg5 14. Re5
Qf6 15. Rxd5 Re8 16. Nc3 c6 17. Ra5 b5 18. b4 Bf5 19. Ne2 Bxd3 20. cxd3 Nf5 21.
a4 Qe7 22. axb5 Qxe2 23. Qxe2 Rxe2 24. b6 g6 25. Rxa7 Rb8 26. Kf1 Ree8 27. R1a6
Nxd4 28. g3 Nc2 29. Rd7 Nxb4 30. Raa7 Rf8 31. b7 Kg7 32. Ra4 Nd5 33. Ra6 Nf6
34. Rc7 Rfd8 35. Rcxc6 Nd5 36. Rd6 Rxd6 37. Rxd6 Nc7 38. Rb6 Ne6 39. Ke2 Nd8
40. h4 Rxb7 41. Ra6 Ne6 42. Ke3 Rd7 43. Ra5 h5 44. Rb5 Nd4 45. Rb6 Nf5+ 46. Ke2
Rd6 47. Rb4 Kf6 48. Ra4 Ne7 49. Rf4+ Kg7 50. Ra4 Nd5 51. Rc4 Ra6 52. Rc5 Ra2+
53. Kf3 Nf6 0-1

[Event "World Open"]
[Site "Arlington, VA"]
[Date "2013.07.04"]
[Round "3.15"]
[White "Robson, Ray"]
[Black "Troff, Kayden"]
[Result "1-0"]
[WhiteElo "2628"]
[BlackElo "2427"]
[PlyCount "113"]
[EventDate "2013.07.??"]
[EventType "swiss"]
[EventRounds "9"]
[EventCountry "USA"]

1. e4 c5 2. Nf3 d6 3. d4 cxd4 4. Nxd4 Nf6 5. Nc3 a6 6. Bg5 e6 7. f4 Qb6 8. Qd3
Qxb2 9. Rb1 Qa3 10. f5 Be7 11. fxe6 fxe6 12. Be2 Qa5 13. Bd2 Qc7 14. g4 h6 15.
Qh3 O-O 16. g5 hxg5 17. Nxe6 Qc6 18. Rf1 g4 19. Bxg4 Nxg4 20. Rxf8+ Bxf8 21.
Qxg4 Qd7 22. Nd5 Qxe6 23. Qxe6+ Bxe6 24. Nc7 Ra7 25. Nxe6 b5 26. a4 Nc6 27.
axb5 axb5 28. Rxb5 Ra2 29. Kd1 Ra1+ 30. Ke2 Ra2 31. Rb6 Ne5 32. Rb8 Nd7 33. Rc8
Kf7 34. Nxf8 Nxf8 35. Bb4 Nd7 36. Bxd6 Ke6 37. Bg3 Ra5 38. Ke3 Ra6 39. c4 Ra3+
40. Kd4 Ra6 41. c5 Ra4+ 42. Kd3 Ra3+ 43. Kc4 Ra1 44. Rc6+ Ke7 45. Rc7 Rc1+ 46.
Kb5 Ke6 47. Rc6+ Ke7 48. Bd6+ Kf7 49. Rc7 Ke6 50. Kc6 Nb8+ 51. Kb7 Rb1+ 52. Kc8
Na6 53. Ra7 Nb4 54. Re7+ Kf6 55. e5+ Kf5 56. Rb7 Ke6 57. Rb6 1-0

[Event "World Open"]
[Site "Arlington, VA"]
[Date "2013.07.04"]
[Round "3.16"]
[White "Ostrovskiy, Aleksandr"]
[Black "Kacheishvili, Giorgi"]
[Result "1/2-1/2"]
[WhiteElo "2403"]
[BlackElo "2588"]
[PlyCount "147"]
[EventDate "2013.07.??"]
[EventType "swiss"]
[EventRounds "9"]
[EventCountry "USA"]

1. e4 c5 2. Nf3 e6 3. d4 cxd4 4. Nxd4 Nc6 5. Nc3 Qc7 6. Be3 a6 7. Qd2 Nf6 8.
O-O-O Be7 9. f3 O-O 10. g4 b5 11. g5 Nh5 12. Nce2 Nxd4 13. Qxd4 f5 14. gxf6
Bxf6 15. Qd2 Be5 16. Bg2 a5 17. Rhf1 Ra6 18. f4 Rd6 19. Nd4 Nxf4 20. Rxf4 Rxf4
21. Bxf4 Rxd4 22. Qxd4 Bxf4+ 23. Kb1 Bxh2 24. Bf1 Be5 25. Qd2 b4 26. Bb5 d6 27.
Qe2 Qc5 28. Ba4 Bf6 29. Qd3 Qe5 30. c3 bxc3 31. bxc3 Bb7 32. Bc2 Kf7 33. Qxd6
Qb5+ 34. Bb3 Bxe4+ 35. Kb2 Bf5 36. a4 Qe2+ 37. Rd2 Qe4 38. Qc7+ Kg6 39. Qg3+
Bg5 40. Bc2 Qb7+ 41. Ka2 Kf6 42. Rf2 Qd5+ 43. Kb2 Qe5 44. Qg2 Be3 45. Rf1 Qb8+
46. Ka2 Qd6 47. Qe4 Qc5 48. Bb3 Qe5 49. Qc4 Bc5 50. Qh4+ Kg6 51. Qc4 Qh2+ 52.
Ka1 Ba3 53. Rb1 Bxb1 54. Qxe6+ Kg5 55. Qe3+ Kg6 56. Qe6+ Kh5 57. Bd1+ Kg5 58.
Qe3+ Qf4 59. Qg1+ Kh6 60. Qh1+ Kg6 61. Qg1+ Kf6 62. Qb6+ Qd6 63. Qxb1 Qd2 64.
Qb6+ Qd6 65. Qf2+ Ke7 66. Bb3 Qe5 67. Qa7+ Kf6 68. Qf2+ Kg5 69. Qg2+ Kh6 70.
Qh3+ Kg5 71. Qg2+ Kf6 72. Qf2+ Ke7 73. Qa7+ Kf6 74. Qf2+ 1/2-1/2

[Event "World Open"]
[Site "Arlington, VA"]
[Date "2013.07.04"]
[Round "3.17"]
[White "Gelashvili, Tamaz"]
[Black "Gu, Christopher"]
[Result "1/2-1/2"]
[WhiteElo "2572"]
[BlackElo "2264"]
[PlyCount "73"]
[EventDate "2013.07.??"]
[EventType "swiss"]
[EventRounds "9"]
[EventCountry "USA"]

1. e4 c6 2. d4 d5 3. e5 Bf5 4. h4 h5 5. Bg5 Qb6 6. Bd3 Bxd3 7. Qxd3 e6 8. Nd2
Qa6 9. c4 Bb4 10. b3 Ne7 11. Ngf3 Nf5 12. O-O Nd7 13. Rfc1 O-O 14. Nf1 Ba3 15.
Rc2 c5 16. dxc5 Nxc5 17. Qd1 dxc4 18. Rxc4 Rac8 19. Ne3 Nxe3 20. Bxe3 b5 21.
Ng5 g6 22. Rc2 Qb7 23. b4 Na4 24. Rxc8 Rxc8 25. Qd3 Bb2 26. Re1 Bxe5 27. Bd4
Bxd4 28. Qxd4 Nb6 29. Ne4 Qc7 30. Nf6+ Kf8 31. Nh7+ Ke8 32. Qh8+ Ke7 33. Qf6+
Ke8 34. Qh8+ Ke7 35. Qf6+ Ke8 36. Qh8+ Ke7 37. Qf6+ 1/2-1/2

[Event "World Open"]
[Site "Arlington, VA"]
[Date "2013.07.04"]
[Round "3.18"]
[White "Laznicka, Viktor"]
[Black "Sarkar, Justin"]
[Result "1/2-1/2"]
[WhiteElo "2684"]
[BlackElo "2451"]
[PlyCount "89"]
[EventDate "2013.07.??"]
[EventType "swiss"]
[EventRounds "9"]
[EventCountry "USA"]

1. d4 Nf6 2. Bg5 c5 3. Bxf6 exf6 4. e3 d5 5. dxc5 Nc6 6. c3 Bxc5 7. Nd2 Be6 8.
Nb3 Bb6 9. Nf3 O-O 10. Be2 Ne5 11. O-O Nc4 12. Qc2 f5 13. Nbd4 g6 14. Rfd1 Rc8
15. Bxc4 Rxc4 16. Ne5 Rc7 17. a4 Qf6 18. a5 Bxd4 19. exd4 f4 20. Re1 g5 21. Re2
Kg7 22. Rae1 h5 23. Qd2 h4 24. h3 Bf5 25. Nd3 Qd8 26. Re5 Be4 27. Nc5 Bg6 28.
Qe2 b6 29. axb6 axb6 30. Na6 Rd7 31. Qb5 Rd6 32. f3 f6 33. R5e2 Rf7 34. Kf2 Ra7
35. Nb4 Ra5 36. Re7+ Kh6 37. Qe2 Be4 38. Rb7 Qc8 39. fxe4 Qxb7 40. exd5 Qd7 41.
c4 Ra4 42. Qd2 f3 43. b3 Ra3 44. Qb2 fxg2 45. Kxg2 1/2-1/2

[Event "World Open"]
[Site "Arlington, VA"]
[Date "2013.07.04"]
[Round "3.20"]
[White "Mikhalevski, Victor"]
[Black "Cheng, Bindi"]
[Result "1-0"]
[WhiteElo "2552"]
[BlackElo "2406"]
[PlyCount "51"]
[EventDate "2013.07.??"]
[EventType "swiss"]
[EventRounds "9"]
[EventCountry "USA"]

1. c4 Nf6 2. g3 c6 3. Nf3 d5 4. Bg2 Bg4 5. O-O e6 6. cxd5 exd5 7. d3 Nbd7 8.
Nc3 Be7 9. h3 Bxf3 10. Bxf3 d4 11. Nb1 O-O 12. Qb3 Qb6 13. Nd2 Rfd8 14. Nc4 Qa6
15. Bd2 Nc5 16. Qc2 Nd5 17. a4 Nb6 18. Na5 Rac8 19. b4 Ne6 20. Rfc1 Bg5 21.
Bxg5 Nxg5 22. Bg4 Ne6 23. Nb3 Nxa4 24. Bxe6 fxe6 25. Nc5 Nxc5 26. bxc5 1-0

[Event "World Open"]
[Site "Arlington, VA"]
[Date "2013.07.04"]
[Round "3.21"]
[White "Liou, Yian"]
[Black "Friedel, Joshua"]
[Result "1/2-1/2"]
[WhiteElo "2381"]
[BlackElo "2506"]
[PlyCount "63"]
[EventDate "2013.07.??"]
[EventType "swiss"]
[EventRounds "9"]
[EventCountry "USA"]

1. e4 e5 2. Nf3 Nc6 3. Bb5 a6 4. Ba4 Nf6 5. O-O Be7 6. Re1 b5 7. Bb3 d6 8. c3
O-O 9. h3 Nb8 10. d4 Nbd7 11. Nbd2 Bb7 12. Bc2 Re8 13. Nf1 Bf8 14. Ng3 g6 15.
b3 Bg7 16. d5 Rc8 17. c4 c6 18. Be3 Nb6 19. dxc6 Bxc6 20. cxb5 axb5 21. Bxb6
Qxb6 22. Qxd6 Red8 23. Qa3 Bb7 24. Qb2 Nd5 25. Rad1 Nf4 26. Bb1 b4 27. Ne2 Ne6
28. Rxd8+ Rxd8 29. Nd2 Ba6 30. Nc4 Bxc4 31. bxc4 Qc5 32. Qc1 1/2-1/2

[Event "World Open"]
[Site "Arlington, VA"]
[Date "2013.07.04"]
[Round "3.22"]
[White "Shen, Arthur"]
[Black "Amanov, Mesgen"]
[Result "1-0"]
[WhiteElo "2286"]
[BlackElo "2484"]
[PlyCount "47"]
[EventDate "2013.07.??"]
[EventType "swiss"]
[EventRounds "9"]
[EventCountry "USA"]

1. e4 c5 2. Nf3 d6 3. d4 cxd4 4. Nxd4 Nf6 5. Nc3 a6 6. Be3 e5 7. Nb3 Be6 8. h3
Be7 9. f4 exf4 10. Bxf4 Nc6 11. Qe2 Nd7 12. O-O-O Nde5 13. Qd2 Ng6 14. Be3 Rc8
15. Kb1 O-O 16. g4 Nce5 17. Nd4 Bc4 18. Nf5 Bxf1 19. Rhxf1 Nc4 20. Qe1 Bh4 21.
Bf2 Bxf2 22. Qxf2 Na3+ 23. bxa3 Rxc3 24. Qd4 1-0

[Event "World Open"]
[Site "Arlington, VA"]
[Date "2013.07.04"]
[Round "3.25"]
[White "Panchanathan, Magesh"]
[Black "Thavandiran, Shiyam"]
[Result "1/2-1/2"]
[WhiteElo "2583"]
[BlackElo "2338"]
[PlyCount "63"]
[EventDate "2013.07.??"]
[EventType "swiss"]
[EventRounds "9"]
[EventCountry "USA"]

1. e4 e6 2. d4 d5 3. Nd2 Nf6 4. e5 Nfd7 5. f4 c5 6. c3 Nc6 7. Ndf3 Qb6 8. g3 f6
9. Bd3 cxd4 10. cxd4 g5 11. exf6 Nxf6 12. Ne2 Bb4+ 13. Kf2 gxf4 14. gxf4 Bd7
15. Rg1 O-O-O 16. Be3 Be8 17. Ne5 Bh5 18. Qc2 Kb8 19. Nxc6+ bxc6 20. h3 Bg6 21.
Bxg6 hxg6 22. Rxg6 Ne4+ 23. Kg2 Qb7 24. Rg4 Qh7 25. Rh1 Rdg8 26. Ng3 Be1 27.
Qxc6 Bxg3 28. Qxe6 Rxg4 29. Qe5+ Ka8 30. Qxd5+ Kb8 31. Qb5+ Ka8 32. Qd5+
1/2-1/2

[Event "World Open"]
[Site "Arlington, VA"]
[Date "2013.07.04"]
[Round "3.27"]
[White "Wang, Kevin"]
[Black "Lenderman, Aleksandr"]
[Result "1/2-1/2"]
[WhiteElo "2297"]
[BlackElo "2548"]
[PlyCount "80"]
[EventDate "2013.07.??"]
[EventType "swiss"]
[EventRounds "9"]
[EventCountry "USA"]

1. e4 c6 2. d4 d5 3. exd5 cxd5 4. Bd3 Nc6 5. c3 Nf6 6. Bf4 Bg4 7. Qb3 Qc8 8.
Nd2 e6 9. Ngf3 Be7 10. O-O Bh5 11. Ne5 Nxe5 12. Bxe5 O-O 13. Rae1 Bg6 14. Qc2
Nd7 15. Bg3 Bf6 16. Nf3 b5 17. h4 Bxd3 18. Qxd3 Qc4 19. Qb1 Rfc8 20. h5 b4 21.
Rc1 Qb5 22. cxb4 Qxb4 23. Rxc8+ Rxc8 24. Rc1 Qb7 25. Rc2 Nb8 26. Bxb8 Qxb8 27.
Qc1 Rxc2 28. Qxc2 g5 29. hxg6 hxg6 30. g3 Kg7 31. Kg2 a5 32. Qc3 Qb5 33. b3 Qb4
34. Qc7 Be7 35. Qd7 g5 36. Qc7 f6 37. Qc8 Kf7 38. Qc2 Kg7 39. Qc8 Kf7 40. Qc2
Kg7 1/2-1/2

[Event "World Open"]
[Site "Arlington, VA"]
[Date "2013.07.04"]
[Round "3.28"]
[White "Shulman, Yury"]
[Black "Balasubramanian, Adithya"]
[Result "1-0"]
[WhiteElo "2542"]
[BlackElo "2298"]
[PlyCount "79"]
[EventDate "2013.07.??"]
[EventType "swiss"]
[EventRounds "9"]
[EventCountry "USA"]

1. c4 g6 2. Nc3 Nf6 3. e4 e5 4. Nf3 Bg7 5. g3 c6 6. Bg2 d5 7. exd5 cxd5 8. Nxe5
d4 9. Ne2 Qe7 10. f4 Ng4 11. d3 O-O 12. Nxg4 Bxg4 13. h3 Bd7 14. O-O Nc6 15.
Kh2 Qc5 16. Bd2 a5 17. g4 b5 18. Rc1 Rab8 19. Ng3 bxc4 20. Rxc4 Qb6 21. b3 Nb4
22. Bxb4 axb4 23. Qd2 Rfc8 24. Rfc1 Be6 25. Rxc8+ Rxc8 26. Rxc8+ Bxc8 27. Qc1
Ba6 28. Be4 Qd6 29. Kg2 h5 30. gxh5 f5 31. Qc6 Bf8 32. Qd5+ Kg7 33. Qxd6 Bxd6
34. Bxf5 gxf5 35. Nxf5+ Kh7 36. Nxd6 Bxd3 37. Kf3 Kh6 38. Ne4 Kxh5 39. f5 Bf1
40. Ng3+ 1-0